LIBRARY & INFORMATION CENTRE, KCAET, TAVANUR

ONLINE PUBLIC ACCESS CATALOGUE (OPAC)

School as agent for cultural renewal / (Record no. 11762)

MARC details
000 -LEADER
fixed length control field 00388cam a2200145ua 4500
041 ## - LANGUAGE CODE
Language code of text/sound track or separate title eng
082 ## - DEWEY DECIMAL CLASSIFICATION NUMBER
Classification number 370.192
Item number FRA/SC
100 ## - MAIN ENTRY--AUTHOR NAME
Personal name Frank, Lawrence K .
245 ## - TITLE STATEMENT
Title School as agent for cultural renewal /
260 ## - PUBLICATION, DISTRIBUTION, ETC. (IMPRINT)
Place of publication London :
Name of publisher Harward University Press ,
Year of publication 1960.
300 ## - PHYSICAL DESCRIPTION
Number of Pages 55 ; .
942 ## - ADDED ENTRY ELEMENTS (KOHA)
Koha item type Books
Holdings
Withdrawn status Lost status Damaged status Home library Current library Date acquired Full call number Accession Number Koha item type
Withdrawn     KAUAET Sanskrit University 07/04/2012 370.192 619 Books
free website counter